000 00591nam a22001817a 4500
999 _c19337
_d19337
003 AR-CdUCM
008 190517b ||||| |||| 00| 0 spa d
040 _aMUNICIPALIDAD PROVINCIAL DEL CUSCO
_cBIBLIOTECA MUNICIPAL DEL CUSCO
082 _a591 /
_bM92
100 _aMuedra, V.
_940620
245 _aAtlas de la anatomia animal /
300 _a50 paginas ;
_c20 cm.
505 _aContenido: Invertebrados -- Antropodos -- Moluscos -- Tentaculados -- Vertebrados -- Batracios...
650 _aBiologia
_9881
650 _aAnimal
_920231
942 _2ddc
_cLIBROS
945 _apjha
_d2019-05-17